| 000 | 00460nam a22001697a 4500 | ||
|---|---|---|---|
| 005 | 20260409105422.0 | ||
| 008 | 260409b |||||||| |||| 00| 0 eng d | ||
| 020 | _a978-81-203-3520-2 | ||
| 050 | _aQA 76.73 .C15 G46 2009 | ||
| 100 | _aGHOSH, SMARAJIT | ||
| 245 | _aALL OF C | ||
| 260 |
_aDELHI, _bPHI LEARNING PRIVATE LIMITED _c2009. |
||
| 300 | _axiii, 478 P , ILL | ||
| 500 | _aINCLUDES INDEX | ||
| 650 | _aCOMPUTER PROGRAM LANGUAGE | ||
| 942 |
_2lcc _cBK |
||
| 999 |
_c216930 _d216930 |
||